Design and implementation of computer generated hologram (Record no. 181651)
[ view plain ]
| 000 -LEADER | |
|---|---|
| fixed length control field | 00631 a2200181 4500 |
| 003 - CONTROL NUMBER IDENTIFIER | |
| control field | Nust |
| 005 - DATE AND TIME OF LATEST TRANSACTION | |
| control field | 20170207153218.0 |
| 040 ## - CATALOGING SOURCE | |
| Transcribing agency | Nust |
| 082 ## - DEWEY DECIMAL CLASSIFICATION NUMBER | |
| Classification number | 621.382 |
| 100 ## - MAIN ENTRY--PERSONAL NAME | |
| Personal name | Chandio, Abdul Fattah ( MSEE-6) |
| 245 ## - TITLE STATEMENT | |
| Title | Design and implementation of computer generated hologram |
| Statement of responsibility, etc. | Abdul Fattah Chandio |
| 260 ## - PUBLICATION, DISTRIBUTION, ETC. | |
| Name of publisher, distributor, etc. | MCS, NUST |
| Date of publication, distribution, etc. | 2003 |
| Place of publication, distribution, etc. | Rawalpindi |
| 300 ## - PHYSICAL DESCRIPTION | |
| Extent | x,79, p.; |
| 505 ## - FORMATTED CONTENTS NOTE | |
| Formatted contents note | Introduction to Thesis (page-1) Evolution of holography (page-4) Computer generated holography (page-360 Experiments and results (page-60) Conclusion of Thesis (page-68) |
| 538 ## - SYSTEM DETAILS NOTE | |
| System details note | Almirah No 69 Shelf No 1 |
| 650 ## - SUBJECT ADDED ENTRY--TOPICAL TERM | |
| Topical term or geographic name entry element | PG Thesis |
| 651 ## - SUBJECT ADDED ENTRY--GEOGRAPHIC NAME | |
| Geographic name | MSEE-6 |
| 942 ## - ADDED ENTRY ELEMENTS (KOHA) | |
| Koha item type | |
| Withdrawn status | Lost status | Source of classification or shelving scheme | Damaged status | Not for loan | Collection code | Permanent Location | Current Location | Date acquired | Total Checkouts | Full call number | Barcode | Date last seen | Price effective from | Koha item type |
|---|---|---|---|---|---|---|---|---|---|---|---|---|---|---|
| Military College of Signals (MCS) | Military College of Signals (MCS) | 12/12/2016 | 621.382 CHA | MCSTEE-14 | 12/08/2016 | 12/12/2016 | Book |
